00791 2200241 4500001002100000005001700021008004100038035002400079082001100103090002200114100002600136245014500162260002900307300003300336500007500369500002800444650001600472850001600488980001500504985000600519986000900525999001500534YOGYA-0209000004469220090227030447.0 ind  0010-020900000044692 a346.06 a346.06bDwi PlSK aDWI SURYANTO, Sasmika aPengaruh tingkat suku bunga terhadap minat nasabah pada badan usaha kredit pedesaan kecamatan Godeancoleh Sasmika Dwi Suryanto, Amrin Nioso aYogyakartab[s.n.]c1995 axvii, 77 lembarbilusc29 cm aSkripsi jurusan non Teknik Program Komputer Perbankan Aksmi Yogyakarta aBibliografi : lembar 71 aBadan Usaha aYOPDYOG [B] a07-01-2008 a1 aRuni a07A0027096